000 00485nam a2200181Ia 4500
003 GCL
008 140319s9999 xx 000 0 ara d
040 _aGCL /
_cGCL
082 0 4 _a791.43
_bص س
100 1 _aصلاح ابوسيف
245 1 0 _aالسينما فن /
_cصلاح ابوسيف
300 _a71 ص
490 _aكتابك
_v0
650 0 4 _aالسينما
650 0 4 _aالسينمائيون المصريون
650 0 4 _aالسينمائيون
942 _2ddc
_cBK
999 _c51000
_d51000